Fr. Conceicao Rodrigues College of Engineering

Press Work & Presses (Record no. 25749)

MARC details
000 -LEADER
fixed length control field 00288nam a2200133Ia 4500
082 ## - DEWEY DECIMAL CLASSIFICATION NUMBER
Classification number 621.9
100 ## - MAIN ENTRY--PERSONAL NAME
Personal name Grainger/J.A
245 ## - TITLE STATEMENT
Title Press Work & Presses
260 ## - PUBLICATION, DISTRIBUTION, ETC.
Name of publisher, distributor, etc. Machinery Publication & co
Place of publication, distribution, etc. London
Date of publication, distribution, etc. 1961
300 ## - PHYSICAL DESCRIPTION
Extent 284
546 ## - LANGUAGE NOTE
Language note ENGLISH
654 ## - SUBJECT ADDED ENTRY--FACETED TOPICAL TERMS
Focus term Presses
942 ## - ADDED ENTRY ELEMENTS (KOHA)
Koha item type BOOK
Holdings
Withdrawn status Lost status Damaged status Not for loan Collection Home library Current library Date acquired Cost, normal purchase price Inventory number Total Checkouts Full call number Barcode Date due Date last seen Date last checked out Cost, replacement price Price effective from Koha item type
        AFT Fr. Agnel's C.Rodrigues College of Engineering Fr. Agnel's C.Rodrigues- College of Engineering 17/03/2023 55.00 T-469 1 621.9 AFT1416 29/09/2013 12/06/2023 12/06/2023 55.00 17/03/2023 BOOK